00385nam a2200145Ia 4500003000400000008004100004020001000045040000800055041000700063100002900070245006100099246001500160260005600175300000800231LDD190117s9999 xx 000 0 und d c₹65 cLDD ahi aप्रेमचंद 0aप्रेमाश्रमcप्रेमचंद aPremashram aनई दिल्लीbभारतीयc1987 a430